Σύστημα διαδικτυακής παρουσίασης προϊόντων παρόχου σταθερής τηλεφωνίας : διπλωματική εργασία

Saved in:
Bibliographic Details
Main Author: Κατσάβαρος, Κωνσταντίνος
Corporate Author: Πανεπιστήμιο Αιγαίου. Σχολή Κοινωνικών Επιστημών. Τμήμα Πολιτισμικής Τεχνολογίας και Επικοινωνίας. Πρόγραμμα Μεταπτυχιακών Σπουδών Πολιτισμική Πληροφορική και Επικοινωνία
Format: Thesis Book
Language:Greek
Published: 2007.
Subjects:
Online Access:http://hdl.handle.net/11610/16384
Tags: Add Tag
No Tags, Be the first to tag this record!

MARC

LEADER 00000cam a2200000 i 4500
001 1/971
008 090821s2007 gr | ||| |||| ||gre||
035 |l 10105428 
040 |a GR-MyUa  |b gre  |e AACR2 
041 0 |a gre 
082 7 |a 004.67   |2 (22) 
100 1 |a Κατσάβαρος, Κωνσταντίνος. 
245 1 0 |a Σύστημα διαδικτυακής παρουσίασης προϊόντων παρόχου σταθερής τηλεφωνίας :   |b διπλωματική εργασία /   |c Κατσαβάρος Κωνσταντίνος ; επιβλέπων: Παπαγεωργίου Δημήτριος. 
260 |c 2007. 
300 |a 116 σ. :   |b εικ. ;   |c 30 εκ. 
502 |a Διατριβή (μεταπτυχιακή) – Πανεπιστήμιο Αιγαίου, Λέσβος, 2007. 
650 0 0 |a Electronic commerce  |x Case studies. 
650 0 0 |a Telecommunication systems. 
650 0 0 |a Electronic commerce  |x Software. 
650 0 0 |a Web services. 
650 0 0 |a Dissertations, Academic  |z Greece. 
700 1 |a Παπαγεωργίου, Δημήτρης,  |e dgs 
710 2 |a Πανεπιστήμιο Αιγαίου.   |b Σχολή Κοινωνικών Επιστημών.   |b Τμήμα Πολιτισμικής Τεχνολογίας και Επικοινωνίας.   |b Πρόγραμμα Μεταπτυχιακών Σπουδών Πολιτισμική Πληροφορική και Επικοινωνία. 
852 |a INST  |b LESVOS  |c DIATR  |e 20090821  |h 101  |p 005100046731  |q 005100046731  |t MTXE  |y 23 
852 |a INST  |b LESVOS  |c DIATR  |e 20090821  |h 102  |p 005100046732  |q 005100046732  |t MTXE  |y 23 
856 |u http://hdl.handle.net/11610/16384 
901 |a BIBL1-2009-2 
924 |a Κατσάβαρος  |b Κωνσταντίνος  |y Λέσβος  |z 2007-10 
970 |a ΤΖΑΦΕΡΗ  |b ΕΥΑΓΓΕΛΙΑ  |z 2009/08/21